Normal view
MARC view
- Advisor DR. Hasan Aftab Saeed
Entry Personal Name
001 - CONTROL NUMBER
- control field: 69418
003 - CONTROL NUMBER IDENTIFIER
- control field: NUST
005 - DATE AND TIME OF LATEST TRANSACTION
- control field: 20210628204227.0
008 - FIXED-LENGTH DATA ELEMENTS
- fixed length control field: 210628|| aca||aabn | a|a d
040 ## - CATALOGING SOURCE
- Original cataloging agency: NUST
- Transcribing agency: NUST
100 ## - HEADING--PERSONAL NAME
- Personal name: Advisor DR. Hasan Aftab Saeed
670 ## - SOURCE DATA FOUND
- Source citation: Work cat.: (NUST): Muhammad Raza Ahmed Khan 69416, TH-SOF-1574-Design of Universal Joints for Heavy Loads, 2018
